Statistiques concernant Focus sur: Amras - Tolkien

Cliquez ici pour prendre le quiz!

Statistiques générales

  • Ce quiz a été pris 5 fois
  • Le résultat moyen est 10 sur 20

Statistiques - réponses

Informations recherchéesRéponses% Correct
EspèceElfe
100%
Couleur des cheveuxNoir
100%
Age durant lequel elle vécutPremier
100%
ContréesValinor
100%
Première apparitionLe Silmarillion
80%
Maglor
80%
Groupe de l'espèceNoldor
80%
Profession et titreSeigneur Noldor
80%
Amrod
60%
PèreFëanor
60%
Beleriand (oriental)
40%
Curufin
40%
FrèresMaedhros
40%
CitéTirion
40%
Caranthir
20%
Celegorm
20%
Ambarussa
0%
MèreNerdanel
0%
Telufinwë
0%
Autres nomsTelvo
0%

Distribution des résultats

Percentile par nombre de réponses

% des personnes avec chaque résultat

Votre développement - résultats

Vous n’avez pas pris ce quiz